[Event "Chalkidiki Afitos"]
[Site "Chalkidiki"]
[Date "1993.??.??"]
[Round "4"]
[White "Shirov, Alexei"]
[Black "Gelfand, Boris"]
[Result "0-1"]
[WhiteElo "2685"]
[BlackElo "2670"]
[Annotator "Boensch,U"]
[PlyCount "101"]
[EventDate "1993.09.??"]
[EventType "tourn"]
[EventRounds "6"]
[EventCountry "GRE"]
[EventCategory "16"]
[SourceTitle "CBM 038"]
[Source "ChessBase"]
[SourceDate "1994.02.01"]
[SourceVersion "1"]
[SourceVersionDate "1994.02.01"]
[SourceQuality "1"]

1. e4 {Gelfand} c5 2. Nf3 d6 3. d4 cxd4 4. Nxd4 Nf6 5. Nc3 a6 6. Be3 e5 7. Nb3
Be6 8. f4 exf4 9. Bxf4 Nc6 10. Qe2 (10. Be2) (10. Qd2) 10... Be7 (10... a5 $6
11. O-O-O (11. Nb5 Be7 12. N3d4 Nxd4 13. Nxd4 O-O 14. Nxe6 fxe6 15. O-O-O Qb6
16. g3 a4 17. Bh3 e5 18. Bg5 a3 19. b3 $10 {Shirov,A-Gelfand,B (2) Paris
Immopar (25') (1) 1992 1-0 61}) 11... Bg4 12. Qb5 Bxd1 13. Qxb7 Bg4 14. Bb5 Bd7
15. Bxc6 Rc8 16. Nxa5 Bxc6 17. Nxc6 Qd7 18. Na5 Rxc3 $16 {Shirov,A-Gelfand,B
Biel izt (11) 1993 1/2 64}) (10... Rc8 $5 11. h3 g6 12. g4 h5 13. g5 Nd7 14.
O-O-O Be7 15. Rg1 Nce5 16. Nd5 Bxd5 17. Rxd5 O-O 18. h4 Nb6 19. Rd1 Nbc4 20.
Bh3 Rc6 $10 {Shirov,A-Ivanchuk,V Luzern WchT (LTU-UKR) (7) 1993 1/2 33 -CBM 38}
) (10... a5 {Gelfand Shirov,A-Gelfand,B/Biel izt/1993/}) 11. h3 Nd7 (11... O-O
12. O-O-O Ne8 13. Nd5 Bg5 14. g3 Rc8 15. Kb1 Bxf4 16. gxf4 Qh4 17. Bg2 Bxd5 18.
exd5 Ne7 19. Qg4 Qf2 $13 {Bologan,V-Vokac,M Ostrava 1993 -CBM 38}) 12. O-O-O
Nce5 (12... Nde5 13. Nd5 Ng6 14. Bg3 Bxd5 15. exd5 Nce5 16. Kb1 Rc8 17. Nd2 O-O
18. h4 Bf6 19. h5 Ne7 20. Ne4 Nf5 $15 {Hellers,F-Pigusov,E Rilton Cup op (05)
1992 1/2 58}) (12... Nde5 {Gelfand Hellers-Pigusov/Stockholm/1992/}) 13. Nd5
Bxd5 14. Rxd5 (14. exd5 {Gelfand} O-O $15) 14... O-O 15. h4 Rc8 16. g4 (16. g3
{Gelfand} Nb6 17. Rd1 Bf6 $15) 16... Qc7 17. g5 Nb6 18. Rd4 (18. Rd1 $142 {
Gelfand} Na4 $1 19. Rh3 Nc4 (19... b5 $5) 20. Qxc4 Qxc4 21. Bxc4 Rxc4 $10)
18... a5 $1 19. Rh3 (19. Nxa5 Ra8 $17 (19... Ra8 {Gelfand} 20. Nb3 (20. Qb5
Rfc8 $1 21. c3 Nbd7 22. Ra4 Nc5 $15) 20... Rxa2 $15)) (19. a3 $5 {Gelfand} a4
20. Na1 $15) 19... a4 20. Na1 (20. Rc3 $2 {Gelfand} axb3 $3 21. Rxc7 bxa2 $19)
20... f6 $1 $15 21. Rc3 (21. g6 $5 {Gelfand} Nxg6 22. Bh2 $15) 21... Nc6 22.
Rd1 fxg5 23. Bxg5 Rce8 (23... Bxg5+ $5 {Gelfand} 24. hxg5 Rce8 25. g6 $5 d5 $1
$17) 24. Be3 Bf6 (24... Bxh4 $5 {Gelfand} 25. Bxb6 (25. Qb5 Bf2 $1) 25... Qxb6
26. Qc4+ Kh8 27. Qxa4 $17) 25. Qb5 Nd7 (25... Bxc3 $2 {Gelfand} 26. Bxb6 $1)
26. Rcd3 (26. Ra3 {Gelfand} Nc5 $17) 26... Nc5 27. Rxd6 Nxe4 (27... a3 $2 {
Gelfand} 28. Rxf6 $1) 28. R6d3 (28. Rd7 {Gelfand} Qg3 $17) 28... Qe5 $17 29.
Ra3 (29. Qxe5 {Gelfand} Nxe5 30. Ra3 Ng4 $17) 29... Qxb5 30. Bxb5 Nc3 $1 31.
bxc3 (31. Bc4+ {Gelfand} Kh8 32. Rd3 b5 $1 $19) (31. Rxc3 {Gelfand} Bxc3 32.
Bc5 Rf5 $19) 31... Rxe3 32. Rxa4 (32. Bxc6 {Gelfand} bxc6 33. Rxa4 Rh3 $17)
32... Rxc3 (32... Rh3 {Gelfand} 33. Nb3 Rxh4 34. Rxh4 Bxh4 35. Nc5 $132) 33.
Nb3 Ne5 (33... Rc8 {Gelfand} 34. Rd3 $1 $17 (34. Rc4 $2 Nb4 $1 $19)) (33... Rh3
{Gelfand} 34. Nc5 $132) 34. Re4 Rfc8 35. Re2 Nc4 (35... Rh3 {Gelfand} 36. Rde1
$5 $132 (36. Rxe5 Bxe5 37. Bd7 Rcc3 $19)) 36. Bxc4+ (36. Bd7 {Gelfand} Ra8 37.
Be6+ Kh8 $19) 36... R3xc4 37. h5 Rh4 38. Rd5 Bc3 39. Kb1 (39. Re7 {Gelfand}
Rh1+ 40. Rd1 Bb2+ $19) 39... Rh1+ 40. Nc1 h6 41. a4 Bf6 42. Red2 Bg5 43. Rd1
Rh2 $19 44. Rb5 Rcxc2 45. Nd3 Bf6 46. Rf1 Ra2 47. Rxf6 gxf6 48. Rxb7 Rxa4 49.
Rb8+ Kf7 50. Rb7+ Ke8 51. Rb8+ (51. Rb8+ Ke7 52. Rb7+ Kd6 $19) 0-1

[Event "Tan Chin Nam Cup 1st"]
[Site "Beijing"]
[Date "1995.??.??"]
[Round "4"]
[White "Ye, Jiangchuan"]
[Black "Stangl, Markus"]
[Result "0-1"]
[WhiteElo "2550"]
[BlackElo "2560"]
[Annotator "Boensch,U"]
[PlyCount "76"]
[EventDate "1995.08.??"]
[EventType "tourn"]
[EventRounds "9"]
[EventCountry "CHN"]
[EventCategory "11"]
[SourceTitle "CBM 049"]
[Source "ChessBase"]
[SourceDate "1995.12.01"]
[SourceVersion "1"]
[SourceVersionDate "1995.12.01"]
[SourceQuality "1"]

1. e4 c5 2. Nf3 d6 3. d4 cxd4 4. Nxd4 Nf6 5. Nc3 a6 6. Be3 e5 7. Nb3 Be7 (7...
Be6 8. f3 (8. f4 $5) 8... Nbd7 9. g4 Be7 10. Qd2 O-O 11. O-O-O b5 12. g5 b4 13.
Ne2 Ne8 (13... Nh5 14. Ng3 Nf4 15. h4 a5 16. Kb1 a4 17. Nd4 $14 {Topalov,V-De
Firmian,N Polanica Zdroj (01) 1995 1-0 44 - CBM 49}) 14. Ng3 a5 15. Kb1 Nc7 16.
f4 a4 17. Nc1 exf4 18. Bxf4 Nc5 $132 {Smirin,I-De Firmian,N Polanica Zdroj (04)
1995 1/2 72 - CBM 49}) 8. f3 Be6 9. Qd2 Nbd7 10. g4 h6 (10... b5 11. a4 $1 (11.
g5 $6 Nh5 12. Nd5 Bxd5 13. Qxd5 O-O 14. Rg1 Rc8 15. O-O-O Nb6 16. Qd2 Nc4 17.
Qf2 Nxe3 18. Qxe3 Nf4 $17 {Ciornei,D-Mowsziszian,K Dresden op 1994 0-1 36})
11... b4 12. Nd5 Bxd5 13. exd5 Nb6 (13... Qc7 14. g5 Nh5 15. O-O-O Nf4 16. h4
h6 17. Rg1 hxg5 18. hxg5 Rh4 19. Kb1 $16 {Nunn,J-Sadler,M London Lloyds (09)
1993 1-0 31}) (13... O-O 14. a5 Nc5 15. Bc4 Rb8 16. h4 Nfd7 17. g5 Nxb3 18.
cxb3 f5 19. Ke2 Qc8 20. Bf2 Nc5 21. Bxc5 Qxc5 22. Qe3 {1/2 Fleck,J-Gruenenwald,
J BL 8788 1988}) 14. a5 Nbxd5 15. g5 Nxe3 16. gxf6 Nxf1 17. fxe7 Qxe7 18. Rxf1
$18) (10... Nb6 11. O-O-O O-O 12. Rg1 Rc8 13. g5 Nfd7 14. Nd5 Nxd5 15. exd5 Bf5
16. Bd3 $14 {Jonsson,B-De Firmian,N Akureyri 1994 1-0 40}) 11. O-O-O (11. h4 b5
12. Rg1 $146 b4 13. Na4 d5 14. g5 d4 15. Bxd4 Bxb3 16. gxf6 Bxf6 17. axb3 exd4
18. O-O-O Ne5 19. f4 $3 Nf3 20. Qg2 Nxg1 21. e5 $1 $16 {Anand,V-Kamsky,G
Linares (01) 1994 1-0 39}) 11... b5 12. h4 Nb6 13. Kb1 (13. Qf2 Nfd7 14. Nd5
Bxd5 15. exd5 Qc7 16. Kb1 Nc4 17. Bc1 Qb6 (17... Ndb6 18. Bd3 Rb8 19. f4 a5 20.
fxe5 dxe5 21. Rhf1 $14 {Pupo,E-Rodriguez,Am CUB-ch (05) 1995 1/2 50 - EXP 46})
18. Qe1 Rc8 19. Bd3 Nc5 20. f4 Na4 21. g5 $40 {Varavin,V-Bigaliev,R Budapest
FS MayGM (06) 1995 1-0 37 - EXP 47}) (13. Bxb6 Qxb6 14. Nd5 Bxd5 15. exd5 a5
16. Qd3 Rb8 17. Nd2 Qc5 18. Ne4 Nxe4 19. Qxe4 a4 20. Kb1 b4 21. Bd3 a3 $132 {
WEdberg,T-Kuczynski,R Novi Sad olm (01) SVE-POL 1990 1/2 35}) 13... b4 14. Bxb6
Qxb6 15. Nd5 Bxd5 (15... Nxd5 16. exd5 Bd7 17. Re1 $16 {/\ f4}) 16. exd5 Rc8 $2
$146 (16... a5 17. Bh3 a4 18. Nc1 Ra5 19. g5 Nxd5 20. Ne2 Rc5 21. Ka1 Qc6 22.
Bf5 {1/2 Lanka,Z-Piesina,G Vilnius zt 1993}) 17. Qd3 Ra8 {Leider erzwungen, da}
(17... a5 18. Qb5+ Qxb5 19. Bxb5+ Kf8 20. Bc6 {zu einem besseren Endspiel fuer
Weiß fuehrt.}) 18. Bh3 g6 19. f4 $2 (19. Nd2 Nd7 (19... O-O 20. g5 $40) 20. h5
$16) 19... exf4 20. Rhe1 Kf8 21. Qf3 $2 (21. Nd4 Re8 (21... Nxd5 $2 22. Bg2 $18
) 22. Nc6 $44) (21. h5 $5 g5 (21... Rg8 22. hxg6 Rxg6 $13) 22. Qf5 Bd8 23. Nd4
$36) 21... Nd7 22. h5 $6 (22. Qxf4 Bxh4 23. Re6 $1 Bg3 (23... Bg5 24. Qxd6+
Qxd6 25. Rxd6 $13) 24. Qxg3 fxe6 25. dxe6 Ne5 $17) 22... g5 $17 23. Nd4 Bf6 24.
Nc6 Nc5 25. b3 Kg7 26. Ne7 (26. Bf1 a5 $40) 26... Bxe7 27. Rxe7 Rhe8 28. Rde1
Rxe7 29. Rxe7 Qd8 30. Re1 (30. Qe2 Kf8 $19) 30... Qf6 $19 31. Bf1 Nd7 32. Bd3
Qd4 $1 {Auch nach Ne5 soll die Q mitspielen.} 33. Re4 Qg1+ 34. Qf1 (34. Kb2 Ne5
$19 {[%csl Rg4]}) 34... Qxf1+ 35. Bxf1 a5 36. Be2 Nf6 37. Rd4 Re8 38. Bd1 Re3 {
/\ f3 -+} 0-1

[Event "Horgen"]
[Site "Horgen"]
[Date "1995.10.25"]
[Round "5"]
[White "Short, Nigel D"]
[Black "Kasparov, Garry"]
[Result "1/2-1/2"]
[WhiteElo "2645"]
[BlackElo "2795"]
[Annotator "Boensch,U"]
[PlyCount "73"]
[EventDate "1995.10.??"]
[EventType "tourn"]
[EventRounds "11"]
[EventCountry "SUI"]
[EventCategory "17"]
[SourceTitle "CBM 050"]
[Source "ChessBase"]
[SourceDate "1996.02.01"]
[SourceVersion "1"]
[SourceVersionDate "1996.02.01"]
[SourceQuality "1"]

1. e4 {Vogt} c5 2. Nf3 d6 3. d4 cxd4 4. Nxd4 Nf6 5. Nc3 a6 6. Be3 e5 7. Nf3 Be7
8. Bc4 O-O 9. O-O Be6 (9... Nc6 10. Re1 b5 11. Bf1 $2 (11. Bd5 Bb7 12. Qd2 $14)
11... Rb8 $1 12. Bg5 Ng4 $1 13. Bxe7 Nxe7 14. a3 Bb7 15. Qd2 Qc7 16. Rad1 Rfd8
17. h3 Nf6 18. Qe3 Bc6 19. Bd3 Re8 $15 {1/2 Short,N-Ehlvest,J Horgen CS (07)
1995 - CBM 50}) 10. Qe2 (10. Qd3 Nc6 11. a3 Na5 12. Bxe6 fxe6 13. Na4 $1 Nd7
14. b4 Nc6 15. c4 Qe8 16. Nd2 Kh8 17. Nb3 $14 {Shirov,A-Gavrikov,V Zurich (10)
1994 1/2 31}) (10. Bd5 Nc6 11. Bxe6 $2 fxe6 12. Ng5 Qd7 13. Na4 Bd8 14. Re1 h6
15. Nf3 Nxe4 $17 16. Qd3 Nf6 17. Qg6 Ne7 18. Qg3 Qxa4 19. Qh3 Qg4 20. Rad1 Qxh3
21. gxh3 {0-1 Guliev,L-Yuferov,S Kstovo op (07) 1994 - EXP 42}) (10. Bb3 Nc6 (
10... b5 $5 11. Re1 h6 12. a3 Nbd7 13. Nh4 Nb6 14. Nf5 Nc4 15. Bxc4 bxc4 16.
Qf3 Rb8 17. Rab1 Kh7 $10 {Smirin,I-De Firmian,N (02) New York PCA (01) 1995
0-1 40 - EXP 47}) (10... Qc7 11. Bg5 Nbd7 12. Qe2 Rac8 13. Rfd1 b5 14. Rac1 Qa5
15. Bxf6 Nxf6 16. Bxe6 fxe6 17. Ng5 b4 18. Nb1 Qxa2 19. b3 h6 20. Nxe6 Rfe8 21.
Qd3 Kf7 22. Qh3 Rxc2 23. Nc7 Qb2 24. Qe3 Rc8 25. Rxc2 Qxc2 {0-1 Smykovsky,
I-Vaulin,A Moscow op (07) 1995 - EXP 46}) 11. Bg5 {[%csl Gd5][%cal Gc3d5,Gb3d5,
Gg5f6]} (11. Qe2 Na5 12. Rfd1 Nxb3 13. cxb3 Qb8 14. Bg5 b5 15. Ne1 h6 16. Bxf6
Bxf6 17. Nc2 Bd8 18. Nb4 Bb6 19. Ncd5 Bc5 $10 {Mainka,R-Skembris,S Dortmund
op-A (06) 1992 1/2 34}) 11... Na5 12. Bxf6 Bxf6 13. Nd5 Nxb3 14. axb3 Bg5 15.
Qd3 Bh6 16. Rad1 $14 {Ivanchuk,V-Kasparov,G (01) New York PCA-Intel GP (04)
1995 0-1 35 - EXP 47}) 10... b5 (10... Bxc4 $5 11. Qxc4 b5 12. Qd3 Nbd7 13.
Rad1 b4 14. Nd5 Nxd5 15. Qxd5 Qc7 16. Rfe1 Nf6 17. Qd3 Rfc8 $15 {Zaitsev,
I-Neverov,V Moscow 1989 0-1 40}) 11. Bb3 h6 (11... Nbd7 $4 12. Bxe6 fxe6 13.
Ng5 $18) 12. Rfd1 (12. Ne1 Nbd7 13. Nd3 Qa5 14. a3 Rfc8 $10 {Xie Jun-De
Firmian,N San Francisco (01) 1995 1/2 42 - CBM 46}) 12... Nbd7 13. a3 Qe8 $6 {
Dieser Zug sieht seltsam aus, aber man muß ja nicht jeden Zug des Weltmeisters
verstehen.} (13... Rc8 14. Nh4 Rxc3 15. bxc3 Nxe4 16. Bxe6 (16. Ng6 Nxc3 17.
Qd3 Nxd1 18. Nxf8 Nxf8 19. Rxd1 $44) 16... fxe6 17. Qg4 Bxh4 18. Qxe4 d5 19.
Qg4 Qf6 20. g3 Bg5 $44) 14. Ne1 $1 {/\ Ne1-d3-b4-d5} (14. Nh4 {Vogt} Nc5 15.
Bxc5 dxc5 16. Bxe6 fxe6) 14... Rc8 15. f3 {Entkräftet Rc3!} Nc5 (15... Bxb3 16.
cxb3 Nc5 17. b4 (17. Bxc5 dxc5 18. Nd5 Nxd5 19. Rxd5 $14) 17... Ne6 (17... Nb3
18. Rab1 Qc6 19. Rd3 $16) 18. Rd2 $14) 16. Ba2 (16. Bxe6 fxe6 $10) 16... Bxa2
17. Rxa2 Ne6 18. Nd3 a5 (18... Nd4 19. Qf2 Rc4 20. Raa1 (20. Nb4 $6 a5 21. Nd3
$10 (21. Nbd5 Nxd5 22. exd5 (22. Nxd5 Rxc2 $17) 22... Bg5 $15)) 20... a5 21.
Rd2 $14) 19. Nc1 {[#]} Nd4 $6 (19... Nc7 20. Nb3 b4 (20... a4 $2 21. Nc1 $16 {
[%cal Gc1d3,Gd3b4]}) 21. axb4 axb4 22. Na4 Ra8 $10) (19... Rb8 20. Nb3) (19...
b4 20. axb4 axb4 21. Nb5 $16) 20. Bxd4 exd4 21. Nxb5 (21. Rxd4 d5 22. Nxd5 Bc5
23. Nxf6+ gxf6 24. Nb3 Ba7 25. Kh1 a4 26. Rb4 axb3 27. Rxb3 Qc6 $15) 21... d5
22. e5 $1 (22. exd5 Nxd5 23. Nxd4 Bf6 24. Qxe8 Rfxe8 25. Nce2 (25. c3 Rxc3 26.
bxc3 Nxc3 27. Rad2 Nxd1 28. Rxd1 Bxd4+ 29. Rxd4 Re1+ 30. Kf2 Rxc1 31. Rd5 a4
32. Rd4 h5 $10) 25... Ne3 26. Rd2 Nc4 27. Rd3 Nxb2 28. Rxb2 Rxe2 29. Nxe2 Bxb2
$10) 22... d3 $1 (22... Nh5 23. Nxd4 $18) 23. Qxd3 (23. Nxd3 Qxb5 24. exf6 Bxf6
$44) 23... Bc5+ 24. Kh1 (24. Nd4 Qxe5 25. Ncb3 Bd6 (25... Bb6 26. a4 $14) 26.
g3 a4 $44) 24... Qxe5 25. Nb3 Be3 (25... Bb6 $2 26. N3d4 $16) 26. Re1 (26. Nxa5
$2 Nh5 $1 {/\ Ng3} 27. Qxd5 (27. g3 Nxg3+ 28. hxg3 (28. Kg2 Nh5 $19) 28... Qxg3
29. Qxe3 Rxc2 30. Rd2 Rc1+ $19) 27... Rfd8 $1 28. Qxd8+ (28. Nd6 Rxd6 29. Qxd6
Ng3+ $1 30. hxg3 Qh5#) 28... Rxd8 29. Rxd8+ Kh7 $19) 26... Rfe8 27. N3d4 {[#]}
(27. Nxa5 Nh5 28. g4 Nf4 $40) 27... Bxd4 $2 (27... Nh5 $1 28. Nf5 $2 (28. g3 $1
Nxg3+ $2 (28... Qg5 $1 29. Raa1 (29. Nd6 Bf2 30. Rxe8+ Rxe8 31. Ra1 (31. Nxe8
Qc1+ 32. Kg2 Qg1+ 33. Kh3 Bxg3 $3 $19) 31... Nxg3+ $1 32. hxg3 Bxg3 $19) 29...
Bf2 {/\ N:g3+} (29... Re5 {Vogt /\ N:g3+} 30. Ne2 Rce8 $44) 30. Rxe8+ Rxe8 31.
Nf5 $13) 29. hxg3 Qxg3 (29... Qh5+ 30. Kg2 Bxd4 31. Rh1 $1 (31. Rxe8+ Rxe8 32.
g4 Qh4 33. Nxd4 Re1 $40) 31... Qg5 32. Nxd4 $18) 30. Rxe3 $18) (28. Qf5 $2 Rxc2
$1 (28... g6 29. Qxe5 Rxe5 30. Raa1 Ng3+ 31. hxg3 Rh5#) 29. Qxe5 (29. Nd6 Bxd4
$1 30. Qxf7+ Kh7 31. Qxe8 Ng3+ $1 32. hxg3 Qxg3 $19) 29... Rxe5 30. g4 (30.
Nxc2 Ng3+ 31. hxg3 Rh5#) 30... Bxd4 31. Rxe5 Rc1+ 32. Kg2 Rg1+ 33. Kh3 Nf4+ 34.
Kh4 Bf2#) 28... Nf4 29. Qxe3 Qxf5 30. Qxe8+ Rxe8 31. Rxe8+ Kh7 32. Nd4 Qf6 33.
Ne2 (33. c3 $4 Qg6 $19 {[%cal Gg6g2,Gg6b1]}) 33... Qc6 $19) 28. Rxe5 Rxe5 29.
Ra1 $6 (29. g3 Re1+ 30. Kg2 Bb6 $16) (29. Qf1 {Vogt} Be3 30. c3 Bd2 31. Ra1
Rce8) 29... Bxb2 30. Rb1 $2 (30. Rf1 Rce8 31. Qb3 Bc1 (31... Re1 32. Kg1 $16)
32. Qc3 $16) 30... Rce8 31. g3 (31. Qf1 Re2 32. Qd1 $14) (31. Kg1 {Vogt} Re3
32. Qd2 (32. Qxe3 Rxe3 33. Rxb2) 32... Bxa3 33. Qxa5 $2 Bc5 34. Kf1 Re2 35. Nc7
Rf2+ 36. Kg1 Rxc2+) 31... Re3 32. Qd2 Re2 33. Qd1 R8e3 34. Kg1 Be5 35. f4 Bb2 (
35... Bb8 $2 36. Nd4 $18) 36. c3 Ne4 37. Qxd5 (37. Qxd5 Nxc3 (37... Rd2 {Vogt}
38. Qxd2 Nxd2 39. Rxb2 Re2 40. Kh1 Re1+ 41. Kg2 Nc4) 38. Nxc3 Rxc3 39. Qd8+ Kh7
40. Qxa5 Rcc2 41. Qd5 $10) 1/2-1/2

[Event "Hoogovens"]
[Site "Wijk aan Zee"]
[Date "1992.01.??"]
[Round "8"]
[White "Nunn, John DM"]
[Black "Gelfand, Boris"]
[Result "1/2-1/2"]
[WhiteElo "2615"]
[BlackElo "2665"]
[Annotator "Boensch,U"]
[PlyCount "85"]
[EventDate "1992.01.??"]
[EventType "tourn"]
[EventRounds "13"]
[EventCountry "NED"]
[EventCategory "14"]
[SourceTitle "CBM 028"]
[Source "ChessBase"]
[SourceDate "1992.06.01"]
[SourceVersion "1"]
[SourceVersionDate "1992.06.01"]
[SourceQuality "1"]

1. e4 c5 2. Nf3 d6 3. d4 cxd4 4. Nxd4 Nf6 5. Nc3 a6 6. Be3 e5 7. Nf3 Qc7 8. a4
Be7 (8... Be6 9. a5 Nbd7 10. Ng5 Bc4 11. Bxc4 Qxc4 12. Ra4 Qc6 13. O-O Be7 14.
Qe2 Rc8 15. Rd1 O-O $10 {Adams,M-Anand,V Roquebrune 1992}) 9. a5 O-O 10. Be2
Qc6 11. Qd3 (11. Ra4 Be6 12. O-O h6 13. h3 Nbd7 14. Qa1 Rac8 15. Rd1 Nc5 16.
Bxc5 Qxc5 17. Nd2 Qc6 $10 {Ye Jiangchuan-Gruenfeld,Y Novi Sad olm 1990}) 11...
h6 12. O-O (12. Nd2 Be6 13. Nc4 Nbd7 14. O-O Rac8 15. Ra4 Nxe4 $1 $17 {
Kotronias-Gelfand/Debrecen/1989/0-1/}) 12... Be6 13. Rfd1 Ng4 (13... Nbd7 14.
Nd5 $14 Bxd5 15. exd5 Qc7 16. Nh4 $1) 14. Nd5 $6 (14. Bb6 $1 Nd7 (14... Nf6 $5)
15. Nd5 Bxd5 16. exd5 Qc8 17. Nd4 $1 $16 {/\ Nf5} Nxb6 18. Nf5 Qd8 19. axb6 $1
Nf6 20. Qg3 g6 21. Nxh6+ Kh7 22. Qe3) 14... Bxd5 15. exd5 Qc8 16. Bb6 f5 (16...
Nd7 $2 17. Nd4 $1) 17. Nd2 e4 18. Qa3 Ne5 19. c4 {/\ b2-b4, c4-c5} Nbd7 20. Bd4
Bf6 21. b4 (21. Qxd6 Nf7 $19) 21... Ng6 22. Bxf6 Nxf6 23. c5 $1 Nf4 $6 (23...
f4 $5 24. f3 $16) 24. Bf1 $1 dxc5 25. d6 cxb4 26. Qxb4 Kh8 27. Nc4 N4d5 28. Qb3
f4 29. d7 $1 $18 (29. Ne5 $2 Qf5 $1 30. Rxd5 Nxd5 31. Qxd5 Rae8) 29... Qxd7 (
29... Qd8 30. Ne5) (29... Qc5 30. Rac1) 30. Nb6 Nxb6 (30... Qf7 31. Nxd5 Rad8
32. Bc4 $18) 31. Rxd7 Nbxd7 32. Qxb7 f3 33. Qc7 (33. gxf3 exf3 34. Qxf3 Ne5
$132) 33... fxg2 34. Bxg2 Rfe8 35. Rb1 Rac8 36. Qd6 Ne5 37. Qxa6 Nf3+ 38. Bxf3
exf3 39. Qb7 $2 (39. Qd3 Rc5 40. a6 Rg5+ (40... Ra5 41. h3 Ra8 42. Rb6 Ra4 43.
Rd6 Ng8 44. Qb5 {/\ Qb5-b7}) 41. Kh1 Ne4 42. Qxf3 $18) 39... Rc5 $1 40. a6 Rg5+
41. Kf1 (41. Kh1 $2 Ne4 42. Qb2 (42. Rf1 $2 Nxf2+ 43. Rxf2 Re1+ 44. Rf1 Rxf1#)
(42. Qa7 Rg2 43. Rb8 Nxf2+ 44. Qxf2 Rxb8 45. Qxf3 Ra2 $19) 42... Rg2 43. Rf1
Nxf2+ 44. Rxf2 Re1+ 45. Rf1 Rxf1#) 41... Ng4 $10 42. Kg1 (42. Qc7 Re2 43. Qg3
Ne3+ $1 44. fxe3 Rxg3 45. hxg3 Ra2 46. Rb8+ Kh7 47. Rf8) (42. Qb8 Rxb8 43.
Rxb8+ Kh7 44. a7 Nxh2+ 45. Ke1 Ra5 46. a8=Q Rxa8 47. Rxa8 Kg6 $10) 42... Nf6+
43. Kf1 1/2-1/2

[Event "Shenzhen"]
[Site "Shenzhen"]
[Date "1992.??.??"]
[Round "6"]
[White "Wang, Zili"]
[Black "Lin, Weiguo"]
[Result "0-1"]
[WhiteElo "2505"]
[BlackElo "2495"]
[Annotator "Boensch,U"]
[PlyCount "56"]
[EventDate "1992.??.??"]
[EventType "tourn"]
[EventRounds "11"]
[EventCountry "CHN"]
[EventCategory "11"]
[SourceTitle "CBM 031"]
[Source "ChessBase"]
[SourceDate "1992.12.01"]
[SourceVersion "1"]
[SourceVersionDate "1992.12.01"]
[SourceQuality "1"]

1. e4 c5 2. Nf3 d6 3. d4 cxd4 4. Nxd4 Nf6 5. Nc3 a6 6. Be3 e5 7. Nb3 Be7 8. f3
O-O 9. Qd2 Nbd7 $5 $146 (9... Be6) 10. g4 b5 11. g5 b4 12. gxf6 (12. Na4 Nh5
13. O-O-O Nf4 $1 $13) 12... bxc3 13. Qd5 (13. Qxc3 Nxf6 $17) 13... Nxf6 (13...
cxb2 14. fxe7 (14. Rb1 Nxf6 15. Qxa8 {- Partie}) 14... bxa1=Q+ 15. Nxa1 Qxe7
16. Qxa8 $18) 14. Qxa8 cxb2 15. Rb1 d5 16. Qc6 (16. Rxb2 Qc7) (16. Bd3 $5)
16... dxe4 17. Bb6 Qd5 18. Qxd5 Nxd5 19. Bc5 (19. Bf2 $2 e3 20. Bg3 Bb4+ $19)
19... Bh4+ 20. Bf2 (20. Kd2 Bg5+ (20... Rd8 $5) 21. Ke1 Bh4+ $10) 20... Nc3 $1
21. Bxh4 (21. Rxb2 Bxf2+ 22. Kxf2 Nd1+ $19) 21... Nxb1 22. fxe4 (22. Bf2 Rd8
$19) 22... Be6 23. Bd3 Nc3 24. Nd2 Bxa2 25. Rg1 f5 $1 26. Be7 (26. exf5 e4 27.
Bxa6 e3 $19) 26... fxe4 $1 27. Bb4 (27. Bxf8 exd3 28. cxd3 Kxf8 $19) 27... exd3
28. Bxc3 b1=Q+ {Boensch} (28... b1=Q+ 29. Nxb1 dxc2 30. Kd2 cxb1=Q $19) 0-1

[Event "Rubinstein Memorial 33rd"]
[Site "Polanica Zdroj"]
[Date "1996.??.??"]
[Round "8"]
[White "Movsesian, Sergei"]
[Black "Kempinski, Robert"]
[Result "1-0"]
[WhiteElo "2635"]
[BlackElo "2510"]
[Annotator "Boensch,U"]
[PlyCount "83"]
[EventDate "1996.08.15"]
[EventType "tourn"]
[EventRounds "11"]
[EventCountry "POL"]
[EventCategory "15"]
[SourceTitle "CBM 055"]
[Source "ChessBase"]
[SourceDate "1996.12.01"]
[SourceVersion "1"]
[SourceVersionDate "1996.12.01"]
[SourceQuality "1"]

1. e4 c5 2. Nc3 d6 3. Nf3 a6 4. d4 cxd4 5. Nxd4 Nf6 6. Be3 e5 7. Nb3 Be6 8. f3
Be7 9. Qd2 O-O 10. O-O-O b5 11. g4 b4 12. Nd5 Bxd5 13. exd5 a5 14. g5 (14. Kb1
Qc7 15. g5 Nh5 16. Bh3 f5 (16... a4 17. Nc1 Na6 18. Nd3 f5 19. Nxe5 a3 20. Nc6
axb2 21. f4 $16 {Wang Zili-Zagrebelny,S/ASIA-chT (02) CHN-UZB ;EXP 50 1995/1-0
(56)}) 17. gxf6 Rxf6 18. Bg4 a4 19. Nc1 Nf4 20. Qxb4 Nd7 21. Qb5 Nf8 22. Qc6
$16 {Gallagher,J-Gutman,L/Bad Woerishofen op (08) 1994/0-1 (59)}) 14... Nfd7 (
14... Nh5 15. Nc5 $1 {[%csl Ye4]} Nf4 16. h4 dxc5 17. d6 Nc6 18. Bxc5 Bxg5 19.
hxg5 Qxg5 20. Be3 $16 {1-0 Kotronias,V-Belotti,B/Moscow olm (14) GRE-ITA ;EXP
44 1994 (36)}) 15. Kb1 a4 16. Nc1 Qa5 17. h4 Na6 18. h5 Nac5 19. Rh4 $146 (19.
Bh3 Nb6 20. b3 axb3 21. cxb3 Nba4 22. bxa4 Nxa4 23. Ka1 Nc3 24. Rh2 b3 25. Rg1
Rfb8 $19 {0-1 Kaminski,M-Gutman,L/Bad Endbach ;CBM 47 1995 (40)}) (19. g6 fxg6
20. hxg6 hxg6 21. Nd3 b3 22. Bh3 bxa2+ 23. Ka1 Qxd2 24. Rxd2 Kf7 25. Kxa2 $14 {
1-0 Socko,B-Kempinski,R/POL-ch (14) ;CBM 53 1996 (48)}) 19... Rfb8 20. Bh3 Qb5
(20... b3 21. cxb3 Qxd2 22. Bxd2 axb3 23. axb3 $14) 21. Bf5 b3 22. a3 e4 23. c4
(23. Bxe4 Nxe4 24. Rxe4 Ne5 $44) 23... Qa6 (23... Qxc4 24. Bxd7 Nxd7 25. Rxe4
Qc2+ 26. Qxc2 bxc2+ 27. Kxc2 $16) 24. Bxd7 Nxd7 25. Rxe4 Ne5 26. Qe2 f5 (26...
Rc8 27. f4 Rxc4 (27... Nxc4 28. Rxe7 Nxa3+ 29. bxa3 Rxc1+ 30. Bxc1 $18) 28.
Rdd4 Rxd4 29. Qxa6 Rxa6 30. Bxd4 $18) 27. gxf6 Bxf6 28. f4 Nd7 29. h6 Re8 (
29... g6 30. f5 gxf5 31. Rf1 fxe4 32. Qg4+ Kh8 33. Rxf6 Rg8 34. Bd4 $18) 30.
Bd4 Qc8 (30... Rxe4 31. Qxe4 Qxc4 32. Qe6+ Kh8 33. hxg7+ $18) 31. Re1 Rxe4 32.
Qxe4 Nc5 33. Bxc5 Qxc5 34. Nd3 Qc8 35. c5 dxc5 36. d6 Qf8 (36... Ra7 37. Nxc5
$18) 37. d7 Rd8 38. Qd5+ Kh8 39. Nxc5 gxh6 40. Qh5 Qd6 41. Re8+ Kg7 42. Ne6+
1-0